000 00319nam a22001457a 4500
008 210311b ||||| |||| 00| 0 eng d
020 _a3000312
041 _aeng
080 _211th
_a510
082 _a510
100 _a36
101 _aMAT
245 _aEssentials of College Algebra
_cLial, M. L
942 _2udc
_cBK
999 _c56422
_d56422